000 03083nam a22002537a 4500
003 GR-AtMCL
005 20250723121827.0
006 a|||||r|||||||||||
008 060215s2006||||gr |||g ||| 000 gre #
020 _a9603516457
040 _aGRAtEVE
_bgre
_cGRAtEVE
_dGR-AtMCL
_eAACR2
100 _aΝανάς, Σεραφείμ Ν.,
_d1953-
245 1 0 _aΚαρδιοαναπνευστική δοκιμασία κοπώσεως και προγράμματα καρδιοαναπνευστικής αποκατάστασης /
_cΣεραφείμ Νικ. Νανάς
260 _aΑθήνα :
_bΣταμούλης,
_cc2006
300 _a181σ. ;
_c21εκ.
504 _aΒιβλιογραφία: σ. 161-162
520 _aΤα δεδομένα που λαμβάνονται σε κατάσταση ηρεμίας για ένα μεγάλο αριθμό παραμέτρων είναι πια παραδεκτό ότι έχουν μικρή κλινική σημασία. Η δοκιμασία κοπώσεως -η έντονη δηλαδή άσκηση μικρής διάρκειας μέχρι εξαντλήσεως- αυξάνει την ευαισθησία και ειδικότητα του ηλεκτροκαρδιογραφήματος και από δεκαετίες τώρα χρησιμοποιείται στην κλινική πράξη για τη διάγνωση και αντιμετώπιση της στεφανιαίας νόσου. Παρόμοια, η αξιολόγηση των καρδιοπνευμονικών εξετάσεων κατά την ηρεμία έχει δειχθεί ότι έχει περιορισμένη αξία. Η σύγχρονη ανάπτυξη της τεχνολογίας των συστημάτων μεταβολικών μετρήσεων και της πληροφορικής παρέχουν την δυνατότητα, οικονομικά προσιτών και πολύ φιλικών στο χρήστη εργαλείων, για μια ολοκληρωμένη καρδιοαναπνευστική δοκιμασία κοπώσεως. Έτσι, τα τελευταία είκοσι χρόνια, διεθνώς, έχει ευρεία εφαρμογή η χρήση της καρδιοαναπνευστικής δοκιμασίας κοπώσεως με σαφείς ενδείξεις για τη διάγνωση αλλά και την αντιμετώπιση μεγάλου εύρους καρδιακών και πνευμονικών παθήσεων. Ένα απλό αλλά χαρακτηριστικό παράδειγμα είναι, ο αποφασιστικός ρόλος της καρδιοαναπνευστικής δοκιμασίας κοπώσεως στην απόφαση για μεταμόσχευση καρδιάς.
650 0 7 _aΚαρδιοπνευμονική αναζωογόνηση
650 0 7 _a Physiotherapy
650 0 7 _aΕπιστημών Υγείας και Αθλητισμού
650 0 7 _aHealth and Sport Sciences
942 _cBK
999 _c9813
_d9813